Paul the missionary : (Registro nro. 9523)

Detalles MARC
000 -LEADER
campo de control de longitud fija 04734cam a22006014i 4500
003 - IDENTIFICADOR DE NÚMERO DE CONTROL
campo de control PE-LiUPU
005 - FECHA Y HORA DE LA ÚLTIMA TRANSACCIÓN
campo de control 20250731172840.0
008 - DATOS DE LONGITUD FIJA--INFORMACIÓN GENERAL
campo de control de longitud fija 080527s2008 ilua rb 001 0beng d
020 ## - NÚMERO INTERNACIONAL ESTÁNDAR DEL LIBRO
Número Internacional Estándar del Libro 0830828877
Información calificativa (pbk. ;
-- alk. paper)
020 ## - NÚMERO INTERNACIONAL ESTÁNDAR DEL LIBRO
Número Internacional Estándar del Libro 1844743497
020 ## - NÚMERO INTERNACIONAL ESTÁNDAR DEL LIBRO
Número Internacional Estándar del Libro 9780830828876
Información calificativa (pbk. ;
-- alk. paper)
020 ## - NÚMERO INTERNACIONAL ESTÁNDAR DEL LIBRO
Número Internacional Estándar del Libro 9781844743490
035 ## - NÚMERO DE CONTROL DEL SISTEMA
Número de control de sistema (Sirsi) i9780830828876
040 ## - FUENTE DE CATALOGACIÓN
Centro catalogador/agencia de origen DLC
Lengua de catalogación spa
Centro/agencia transcriptor DLC
Centro/agencia modificador BTCTA
-- YDXCP
-- C#P
-- BWX
-- CDX
-- HNW
-- KAT
-- UKM
-- OCLCQ
-- UKMGB
-- BDX
-- HNW
-- OCLCQ
-- OCLCA
-- OCLCQ
-- OCLCO
-- OCLCF
-- RCT
-- OCLCQ
-- PE-LiUPU
Normas de descripción rda
049 ## - FONDOS LOCALES (OCLC)
Biblioteca depositaria PRUA
050 00 - SIGNATURA TOPOGRÁFICA DE LA BIBLIOTECA DEL CONGRESO
Número de clasificación BS2506.3
Número de ítem .S35 2008
082 00 - NÚMERO DE LA CLASIFICACIÓN DECIMAL DEWEY
Número de clasificación 225.92
Cutter S29
Número de edición 22
100 1# - ENTRADA PRINCIPAL--NOMBRE DE PERSONA
Nombre de persona Schnabel, Eckhard J.,
Término indicativo de función/relación autor.
245 10 - MENCIÓN DEL TÍTULO
Título Paul the missionary :
Resto del título realities, strategies and methods /
Mención de responsabilidad, etc. Eckhard J. Schnabel.
264 #1 - PRODUCCIÓN, PUBLICACIÓN, DISTRIBUCIÓN, FABRICACIÓN Y COPYRIGHT
Producción, publicación, distribución, fabricación y copyright Downers Grove, Illinois :
Nombre del de productor, editor, distribuidor, fabricante IVP Academic,
Fecha de producción, publicación, distribución, fabricación o copyright 2008.
300 ## - DESCRIPCIÓN FÍSICA
Extensión 518 páginas :
Otras características físicas ilustraciones ;
Dimensiones 23 centímetros
336 ## - TIPO DE CONTENIDO
Término de tipo de contenido text
Fuente rdacontent
337 ## - TIPO DE MEDIO
Nombre/término del tipo de medio unmediated
Fuente rdamedia
338 ## - TIPO DE SOPORTE
Nombre/término del tipo de soporte volume
Fuente rdacarrier
504 ## - NOTA DE BIBLIOGRAFÍA, ETC.
Nota de bibliografía, etc. Bibliografía : páginas 459-492.
504 ## - NOTA DE BIBLIOGRAFÍA, ETC.
Nota de bibliografía, etc. Índice : páginas 493-518.
505 0# - NOTA DE CONTENIDO CON FORMATO
Nota de contenido con formato Missionary strategies and methods : defining terms -- The task of missionary work : describing goals -- Missionary methods as a problem : finding solutions -- Descriptive and normative readings : hermeneutical clarifications -- The missionary work of the Apostle Paul -- Paul, Apostle to Jews and Gentiles : conversion and call -- Paul and Jerusalem -- Paul in Arabia, Jerusalem, Cilicia, and Syria -- Paul on Cyprus and in Galatia -- Paul in Macedonia and Achaia -- Paul in the province of Asia -- Paul in Illyricum, Caesarea, Rome, Spain, Crete, and Rome -- The missionary task according to Paul's letters -- The letter to the Galatian Christians -- The letters to the Christians in Macedonia : Thessalonians and Philippians -- The letters to the Christians in Achaia : Corinthians -- The letter to the Christians in the city of Rome -- The letters to the Christians in Asia : Colossians and Ephesians -- The letters to coworkers : Timothy and Titus -- The Apostle as missionary, pastor, and theologian -- The missionary message of the Apostle Paul -- Preaching before Jewish audiences -- Preaching before Gentile audiences -- Explaining the Gospel in civic settings -- Ideological confrontation : the proclamation of Jesus, Messiah, and Kyrios -- Cultural confrontation : the explication of the Gospel -- Pastoral consolidation : encouragement for the followers of Jesus -- Apologetic confrontation : the defense of the Gospel -- The missionary goals of the Apostle Paul -- Preaching the Gospel -- Preaching the Gospel to Jews and to Gentiles -- Geographical movement -- Conversion of individuals -- Establishing communities of followers of Jesus -- Teaching new converts -- Training new missionaries -- The missionary methods of the Apostle Paul -- Cities, regions, and provinces -- Synagogues, marketplaces, lecture halls, workshops, and private houses -- Ethnic identity, class, and culture -- Establishing contact as a public speaker -- The persuasiveness of the message : the problem of rhetoric -- The credibility of the messenger -- Explanations for missionary success -- The task of missionary work in the twenty-first century -- The calling and sending of missionaries -- The content of missionary proclamation -- The proclamation of the Gospel and church planting -- The teaching of the followers of Jesus -- The purpose and the work of the local church -- The challenge of culture -- The power of God.
526 ## - NOTA DE INFORMACIÓN SOBRE EL PROGRAMA DE ESTUDIO
Nombre del programa Segunda Especialidad En Profecías Bíblicas
526 ## - NOTA DE INFORMACIÓN SOBRE EL PROGRAMA DE ESTUDIO
Nombre del programa Segunda Especialidad En Nuevo Testamento
526 ## - NOTA DE INFORMACIÓN SOBRE EL PROGRAMA DE ESTUDIO
Nombre del programa Segunda Especialidad En Antiguo Testamento
526 ## - NOTA DE INFORMACIÓN SOBRE EL PROGRAMA DE ESTUDIO
Nombre del programa Segunda Especialidad En Estudios Adventistas
526 ## - NOTA DE INFORMACIÓN SOBRE EL PROGRAMA DE ESTUDIO
Nombre del programa Doctorado en teología
526 ## - NOTA DE INFORMACIÓN SOBRE EL PROGRAMA DE ESTUDIO
Nombre del programa Maestría en teología histórica
526 ## - NOTA DE INFORMACIÓN SOBRE EL PROGRAMA DE ESTUDIO
Nombre del programa Maestría en teología bíblica
526 ## - NOTA DE INFORMACIÓN SOBRE EL PROGRAMA DE ESTUDIO
Nombre del programa Maestría en teología
526 ## - NOTA DE INFORMACIÓN SOBRE EL PROGRAMA DE ESTUDIO
Nombre del programa Maestría en misionología
526 ## - NOTA DE INFORMACIÓN SOBRE EL PROGRAMA DE ESTUDIO
Nombre del programa Maestría en liderazgo eclesiástico
526 ## - NOTA DE INFORMACIÓN SOBRE EL PROGRAMA DE ESTUDIO
Nombre del programa Teología
596 ## -
-- 1
600 00 - PUNTO DE ACCESO ADICIONAL DE MATERIA--NOMBRE DE PERSONA
Nombre de persona Pablo,
Títulos y otros términos asociados al nombre Apostol, Santo.
630 00 - PUNTO DE ACCESO ADICIONAL DE MATERIA--TÍTULO UNIFORME
Título uniforme Biblia.
Nombre de parte o sección de la obra Epístolas de Pablo
Subdivisión general Crítica e interpretación.
650 #0 - PUNTO DE ACCESO ADICIONAL DE MATERIA--TÉRMINO DE MATERIA
Término de materia o nombre geográfico como elemento de entrada Apóstoles
Subdivisión de forma Biografía.
650 #0 - PUNTO DE ACCESO ADICIONAL DE MATERIA--TÉRMINO DE MATERIA
Término de materia o nombre geográfico como elemento de entrada Misión
Subdivisión general Enseñanza bíblica.
650 #0 - PUNTO DE ACCESO ADICIONAL DE MATERIA--TÉRMINO DE MATERIA
Término de materia o nombre geográfico como elemento de entrada Misioneros
Subdivisión de forma Biografía.
856 41 - LOCALIZACIÓN Y ACCESO ELECTRÓNICOS
Materiales especificados Tabla de contenidos :
Identificador Uniforme de Recursos <a href="http://catdir.loc.gov/catdir/toc/ecip0820/2008022665.html">http://catdir.loc.gov/catdir/toc/ecip0820/2008022665.html</a>
856 41 - LOCALIZACIÓN Y ACCESO ELECTRÓNICOS
Materiales especificados Tabla de contenidos :
Identificador Uniforme de Recursos <a href="http://catdir.loc.gov/catdir/toc/ecip0820/2008022665.html">http://catdir.loc.gov/catdir/toc/ecip0820/2008022665.html</a>
910 ## - DATOS DE OPCIÓN DEL USUARIO (OCLC)
Datos de opción del usuario jck
-- jck
-- jck
-- 20160525
942 ## - ELEMENTOS DE ENTRADA SECUNDARIOS (KOHA)
Fuente del sistema de clasificación o colocación Clasificación Decimal Dewey
Tipo de ítem Koha
949 ## - PROCESAMIENTO DE INFORMACIÓN LOCAL (OCLC)
a 225.92 S29
w DEWEY
c 1
i 73115
d 2016-6-6
e 2016-6-1
l CCODEBUL1
m BUL
n 1
p 17.50
r 0
s Y
t BOOK
u 2016-5-25
x TEOLOGIA
-- P85
0 COMPRA
o .STAFF. Posgrado
994 ## -
-- C0
-- PEPRU
999 ## - NÚMEROS DE CONTROL DE SISTEMA (KOHA)
-- DEWEY
-- 73115
-- 2016-6-1
-- 2021-11-9
-- 5
-- CCODEBUL1
-- BUL
-- 1
-- 17.50
-- 1
-- 0
-- Y
-- BOOK
-- 2016-5-25
-- TEOLOGIA
-- P85
-- COMPRA
-- .STAFF. Colección Teología
980 ## - EQUIVALENCIA O REFERENCIA-CRUZADA-MENCIÓN DE SERIE--NOMBRE DE PERSONA/TÍTULO [LOCAL, CANADÁ]
ID del último usuario que modificó el registro 1
Nombre del último usuario que modificó el registro ALBERTO SANCHEZ Responsable de Automatización
Existencias
Visto por última vez Número de inventario Total de préstamos Signatura topográfica completa Código de barras Fecha del último préstamo Copia número Coste, precio de reemplazo Fecha de reemplazo Facultad Tipo de ítem Koha Nota pública Estado de pérdida Fuente del sistema de clasificación o colocación Restricciones de uso No para préstamo Colección Programa académico Biblioteca de origen Biblioteca actual Ubicación en estantería Fecha de adquisición Fuente de adquisición Coste, precio normal de compra
2025-12-02 6 2 225.92 S29 73115 2022-11-10 e1 22.50 2016-05-25   Libros físicos inventario-2023-12-13 No Perdido Clasificación Decimal Dewey No restringido Disponible para préstamos Colección General Maestría en teología Biblioteca CRAI UPeU Lima Biblioteca CRAI UPeU Lima Sala principal 2016-05-25 COMPRA 17.50